トップコメントからボカロ曲当て - Statistics

General Stats
  • This quiz has been taken 144 times
  • The average score is 7 of 20
Answer Stats
コメント 曲名 % Correct
俺のアイコンが最高にきまずくなった瞬間 ヒバナ
79%
米津玄師→ウェ! 原口沙輔→ユ! イガク
72%
強風なくなったから、キャラも歌詞もテンポも全て躍動感凄くなってるの好き
寝起きヤシの木
56%
DECO「最近、曲つくりすぎて疲れたなぁ…せや!息抜きに曲作ったろ!」 テレパシ
52%
だから「工業」「高等」「専門」「学校」 妄想感傷代償連盟
52%
そんなとこ座ったら危ないよ 天ノ弱
50%
マグネタイトさん大丈夫かな病んでないかなとか思ってたら病んでるどころかブチギレで草 雑魚
41%
【ひ】広いこの世界で 【ろ】路上で戸惑ってた僕は 【ゆ】勇気を見いだせなくても 【き】君と出会った奇跡 弱虫モンブラン
34%
段差でおどる段差ダンサー マーシャルマキシマイザー
33%
ゴメン伝えることだけに世界巻き込むの好き トンデモワンダーズ
31%
この曲が流行っていること自体が最大の皮肉でだいすき 神っぽいな
27%
マック店員みたいな見た目やな オーバーライド
25%
この子は大人になれたのだろうか。 ロストワンの号哭
24%
当時ボカロキッズだった少年少女達が高校化学やって再集結してんのアツいな パラジクロロベンゼン
24%
おれがずっと聴いてるからいっぱい走らせてごめんね 一千光年
22%
俺めっちゃ嫌われてて悲しい ダイダイダイダイダイキライ
22%
カラオケの時間がギリギリの時に歌うといい曲 エゴロック
21%
一年半以上の時を経て茜ちゃんのこの顔が「心理的ストレスで感情を失った状態」ということが判明して草 何でも言うことを聞いてくれるアカネチャン
20%
MVの消しゴムで消せそうな感じ好き ウミユリ海底譚
15%
絵になんか深い意味あるかと思ったらなかった 脱法ロック
11%
No matching quizzes found
Score Distribution
Percent of People with Each Score
Percentile by Number Answered
Your Score History
You have not taken this quiz